000 00484nam a2200157 i 4500
001 39850
003 ES-MaACL
007 t|
008 030304s1974 sp ||||1| spa d
100 1 _aCanto Hernández, Rosendo.
_934675
245 1 0 _aCuba, anverso y reverso
_b: los estados juntitos y la revolución castrista /
_cRosendo Canto Hernández.
250 _a[1ª ed.].
260 _a[Madrid] :
_bSedmay,
_c[1974]
300 _a285 p. ;
_c21 cm.
852 _aES-MaACL
_jE-6825
_bR.91225
999 _c39850
_d39850